Direct Flights from Poland - Statistics

General Stats
  • This quiz has been taken 193 times
  • The average score is 50 of 55
Answers on the Map
Answers color-coded by a green-red scale on the quiz's map according to % correct below.
 
Answer Stats
Answer % Correct
United Kingdom
99%
France
98%
Germany
98%
Spain
98%
Finland
97%
Ireland
97%
Portugal
97%
Sweden
97%
United States
97%
Austria
96%
Belgium
96%
Croatia
96%
Czechia
96%
Denmark
96%
Greece
96%
Hungary
96%
Iceland
96%
Italy
96%
Netherlands
96%
Norway
96%
Switzerland
96%
Turkey
96%
Canada
95%
Estonia
95%
Serbia
95%
Slovakia
95%
Bosnia and Herzegovina
94%
Bulgaria
94%
Egypt
94%
Latvia
94%
Lithuania
94%
Romania
94%
Slovenia
94%
Albania
93%
Japan
93%
China
92%
India
91%
North Macedonia
91%
Poland
91%
Morocco
90%
Cyprus
89%
Israel
89%
Moldova
89%
Montenegro
89%
South Korea
86%
United Arab Emirates
86%
Malta
84%
Georgia
82%
Azerbaijan
81%
Armenia
79%
Qatar
79%
Luxembourg
78%
Kazakhstan
73%
Lebanon
71%
Jordan
70%
No matching quizzes found
Score Distribution
Percent of People with Each Score
Percentile by Number Answered
Your Score History
You have not taken this quiz